[Event "EU-ch 16th"]
[Site "Jerusalem"]
[Date "2015.03.08"]
[Round "11"]
[White "Michalik, Peter"]
[Black "Smirin, Ilia"]
[Result "0-1"]
[WhiteElo "2576"]
[BlackElo "2650"]
[Annotator "Szabo,Kr"]
[PlyCount "136"]
[EventDate "2015.02.24"]
[EventType "swiss"]
[EventRounds "11"]
[EventCountry "ISR"]
[SourceTitle "CBM 166"]
[Source "ChessBase"]
[SourceDate "2015.05.11"]
[SourceVersion "1"]
[SourceVersionDate "2015.05.11"]
[SourceQuality "1"]

1. d4 d6 2. Nf3 Nf6 3. g3 g6 4. Bg2 Bg7 5. O-O O-O 6. c4 Nc6 7. Nc3 Bf5 (7...
a6 {is the main move.}) 8. d5 Na5 9. Nd2 (9. Nd4 {is the other main move.})
9... c6 10. b4 Nxc4 11. Nxc4 Nxd5 12. Nxd5 Bxa1 13. Bh6 Bg7 14. Bxg7 Kxg7 15.
Nf4 (15. Nde3 {is more common. For example:} Be6 16. Na5 (16. a4 Qd7 17. Qd4+
f6 18. f4 {(Naroditsky-Weichhold, Teplice 2014)} Bxc4 19. Nxc4 d5 20. Nb2 Qd6
21. Nd3 {with an approximately equal position.}) 16... Qd7 17. a4 f6 18. Qd2
Rac8 19. Rc1 Bf7 20. Qd4 Ra8 21. Qh4 d5 22. Bh3 Qc7 23. Nb3 e5 $13 {
Stella-Vocaturo, Condino 2014 with an unclear fight.}) 15... e5 16. e4 Bxe4 17.
Bxe4 exf4 18. Qxd6 $2 $146 {This is the first new move in the game, but a
mistake, which leads a slightly better endgame for Black. White takes the d6 P,
but he opens the d-file for Black's Rs.} (18. Nxd6 Qe7 19. Qd4+ Kg8 20. Bc2
Rad8 21. Rd1 f3 22. Bb3 h6 (22... h5 $5) 23. h4 Kh7 24. Qe3 (24. h5 $2 Rd7 $1
$17 {Amanov-A.L'Ami, Bridgetown 2014}) 24... Qxe3 25. fxe3 Rd7 $132 {with a
double-edged endgame.}) 18... fxg3 19. hxg3 b5 (19... Qxd6 {was the
straightforward reaction,} 20. Nxd6 Rab8 $15 {followed by ...Rfd8 and Black is
slightly better.}) 20. Qxd8 Raxd8 21. Na5 Rd4 22. Bf3 Rxb4 23. Nxc6 Rb2 24.
Nxa7 Rd8 ({Obviously Black doesn't want to exchange the queenside Ps with} 
24... Rxa2 $2 {, because} 25. Nxb5 $11 {and White can hold without any
difficulties. Black activates his other R too; he would like to win White's a2
P.}) 25. a3 Rd3 26. Bc6 Rc3 $1 27. Ra1 ({Of course} 27. Bxb5 $2 {does not work,
because of} Rxa3 $19 {and Black wins.}) 27... Rcc2 28. Rf1 f5 {On the
queenside there is positional warfare, so Black would like to gain some space
on the kingside, and this improves his K too.} 29. Bg2 Rc3 30. Ra1 Rcc2 31. Rf1
Rc4 {A tricky move.} ({In the event of} 31... Kf6 32. Nc6 {and the N comes
back, so White has a good chance to survive.}) 32. Re1 ({The natural} 32. Nc6
$2 {could have been met by} Ra4 $1 33. Ra1 $6 b4 $19 {and Black wins.}) 32...
f4 $1 {The best practical chance.} (32... Ra4 $6 {is dubious, as} 33. Nxb5 $1
Rxb5 34. Bc6 $11 {with a completely drawish R endgame.}) 33. Nxb5 fxg3 (33...
Rxb5 $6 {leads to a draw, because of} 34. Bf1 $11) 34. fxg3 Rg4 {Now White
loses his g3-P.} 35. Bf1 Rxg3+ 36. Kh1 {The position is a little bit changed,
Black has two passed P on the kingside, while White has one on the queenside.
However White's P is not so dangerous, so Black has a good chance to win.} Rg4
({In the event of} 36... Rgb3 $5 37. Bc4 (37. a4 $6 Rb1 38. Rxb1 Rxb1 39. Kg2
Ra1 40. Nc3 Ra3 $19 {and Black is winning.}) 37... Rb1 (37... Rxb5 $6 38. Bxb5
Rxb5 39. a4 Ra5 40. Ra1 Kf6 41. Kg2 $11 {and White has an active R, so
probably he can reach the draw.}) 38. Bxb3 Rxe1+ 39. Kg2 Ra1 {with a good
winning chance for Black.}) 37. Nd6 Rb6 38. Nc4 Rf6 39. Nd2 Rd4 40. Nb3 Ra4 {
After some R manoeuvres Black will win the a3-P.} 41. Kg2 Rg4+ ({The simple} 
41... Rxa3 {was also fine for Black.}) 42. Kh1 Rf3 43. Nd2 ({If} 43. Rb1 h5 {
and soon Black will also win the a3-P.}) 43... Rxa3 {Finally Black has won the
P.} 44. Bg2 Ra2 45. Re7+ Kh6 46. Rd7 Rb4 47. Nf1 Rbb2 48. Ne3 Re2 49. Rd3 Kg5
50. Kh2 (50. Bf1 Ra1 51. Kg1 h5 $17) 50... Rad2 51. Rxd2 (51. Ra3 Kf4 $19 {
and White can resign.}) 51... Rxd2 $19 {Black could exchange the Rs, so now he
is completely winning. The rest wasn't a difficult task for Smirin.} 52. Kg3 h5
53. Kf3 Kh4 54. Bf1 Rd6 55. Ng2+ Kg5 56. Kg3 Rb6 57. Be2 Rb4 58. Bf3 Rb3 59.
Kf2 h4 60. Be4 Rb2+ 61. Ke3 h3 62. Ne1 h2 63. Nf3+ Kh5 64. Ne5 g5 65. Nd3 Rb1
66. Nf2 Re1+ 67. Kd2 Rxe4 $1 68. Nxe4 Kh4 {and finally White resigned after
this long torture.} 0-1

[Event "Dos Hermanas"]
[Site "Dos Hermanas"]
[Date "1994.??.??"]
[Round "2"]
[White "Karpov, Anatoly"]
[Black "Gelfand, Boris"]
[Result "1/2-1/2"]
[WhiteElo "2740"]
[BlackElo "2685"]
[Annotator "Dautov,R"]
[PlyCount "118"]
[EventDate "1994.04.??"]
[EventType "tourn"]
[EventRounds "9"]
[EventCountry "ESP"]
[EventCategory "16"]
[SourceTitle "CBM 041"]
[Source "ChessBase"]
[SourceDate "1994.08.01"]
[SourceVersion "1"]
[SourceVersionDate "1994.08.01"]
[SourceQuality "1"]

1. d4 Nf6 2. c4 g6 3. g3 Bg7 4. Bg2 O-O 5. Nc3 d6 6. Nf3 Nc6 7. O-O e5 8. d5
Ne7 9. e4 Nd7 10. Ne1 f5 11. Nd3 Nf6 12. Bg5 $1 {N} (12. f3 h6 13. Kh1 g5 14.
exf5 Nxf5 15. Nf2 Qe8 16. Nce4 Qg6 $132 {Kolarov-Gufeld/Odessa/1968}) (12. f4
fxe4 13. Nxe4 Nxe4 14. Bxe4 Bh3 15. Bg2 Bxg2 16. Kxg2 b5 $1 17. cxb5 Qd7 18.
Qb3 Nf5 $36 {Kouatly-Haik/Montpellier/1985}) (12. Bd2 $5) 12... h6 (12... fxe4
13. Nxe4 Nf5 14. Qd2 (14. Bxf6 $5 Bxf6 15. Qd2 Bg7 16. f4 exf4 17. Nxf4 $14)
14... Nxe4 15. Bxe4 Qe8 16. Rae1 Nd4 17. Kg2 b5 18. c5 Bf5 $132 {
->Epishin-Polgar,J/Dos Hermanas/1994}) 13. Bxf6 Bxf6 14. f4 exf4 15. Nxf4 Be5 (
15... fxe4 $6 16. Bxe4 Bxc3 (16... Kg7 17. Qd3 $36) 17. bxc3 Rf6 18. Qd4 $16)
16. exf5 (16. Qd2 g5 17. Ne6 Bxe6 18. dxe6 f4 $13) 16... Bxf5 17. Qd2 (17. Ne6
$5 Bxe6 18. dxe6 c6 19. Qd2 Nf5 $13) 17... c6 (17... Qd7 $5 18. Ne6 Bxe6 19.
dxe6 Qxe6 {/\} 20. Nd5 c6 21. Nc7 Qxc4 22. Nxa8 Qd4+ $1 23. Qxd4 Bxd4+ 24. Kh1
Rxa8 25. Rad1 Be5 $10) 18. Kh1 Qb6 19. Rae1 $14 {><e6} Rf7 (19... Qb4 20. g4 $1
Bxg4 21. Nd3 Rxf1+ 22. Rxf1 (22. Bxf1 Qb6 23. Nxe5 dxe5 24. Rxe5 Nf5 $13) 22...
Qxc4 (22... Bxc3 $2 23. Qf4 $1 Qb6 24. Qxg4 $18) 23. Nxe5 dxe5 24. Qxh6 $16)
20. Ne6 Bxe6 21. dxe6 Rxf1+ 22. Rxf1 Nf5 {/\Qe3} 23. Bh3 (23. Be4 $5 Qe3 24.
Qxe3 Nxe3 25. Rf7 Re8 26. Rxb7 Rxe6 27. Bxc6 Rf6 $132) 23... Qe3 24. Qxe3 Nxe3
25. Rf7 g5 $1 (25... Nxc4 26. Rxb7 Nxb2 27. Rxb2 Bxc3 28. Rc2 Be5 29. Rxc6 $16)
(25... Rb8 26. Rd7 (26. Rf3 Nf5 $1 (26... Nxc4 $2 27. e7 d5 28. Be6+ Kg7 29.
Rf7+ $18) 27. Bxf5 gxf5 28. Rxf5 Rf8 29. g4 Re8 $132) 26... Kf8 (26... Nxc4 $2
27. e7 Kf7 28. Rd8 $18) 27. Ne4 Nxc4 28. b3 Nb6 29. e7+ Ke8 30. Nxd6+ Bxd6 31.
Rxd6 Kxe7 32. Rxg6 $16) 26. Rxb7 g4 27. Bg2 Nxg2 28. Kxg2 Re8 29. e7 (29. Rxa7
Rxe6 30. Na4 $2 Bxb2 $10) 29... a5 30. Rc7 Kf7 31. Rxc6 Bxc3 32. bxc3 Rxe7 33.
Kf2 Re4 34. Rxd6 Rxc4 35. Rd3 Ke6 36. Ke2 Ke5 37. Re3+ (37. Kd2 $2 Ra4 $10) (
37. Kd1 Ra4 (37... Ke4 $2 38. Kc2 Ra4 39. Kb3 $18) 38. Rd2 Ke4 39. Kc1 Ke3 40.
Rc2 Kd3 41. Kb2 Rc4 42. Kb3 Rc7 43. Rc1 Kd2 44. Rc2+ Kd3 $10) 37... Kd5 38. Kd3
Ra4 39. Re2 Ra3 40. Rf2 Ra4 41. c4+ (41. Rf5+ Kc6 42. Rf6+ Kc5 43. Rxh6 Rxa2
44. Rh5+ Kb6 45. Kc4 Ra4+ (45... a4 $6 46. Kb4 a3 47. Kb3 Ra1 48. Rg5 $18) 46.
Kb3 Re4 47. c4 Re3+ 48. Ka4 Rc3 49. Rxa5 Rxc4+ 50. Kb3 Re4 51. Rg5 Kc6 52. Kc3
Kd6 53. Kd3 Ra4 54. Ke3 Ke6 $10) 41... Kc5 42. Rf5+ Kc6 43. Kd4 Rxa2 44. Rf6+
Kb7 45. Rxh6 Rb2 46. Kc3 Rb1 47. Rh5 Ka6 $10 48. Rh6+ Kb7 49. c5 (49. Kc2 Rb4
50. Kc3 Rb1 $10) 49... a4 50. Rh7+ Kc6 51. Ra7 Kxc5 52. Rxa4 Rh1 53. Rxg4 Rxh2
54. Kd3 Kd5 55. Ke3 Ke5 56. Rf4 Rh8 57. Kf3 Ra8 58. Rf7 Ke6 59. Rf4 Ke5 1/2-1/2

[Event "Dos Hermanas"]
[Site "Dos Hermanas"]
[Date "1994.??.??"]
[Round "4"]
[White "Epishin, Vladimir"]
[Black "Polgar, Judit"]
[Result "1-0"]
[WhiteElo "2675"]
[BlackElo "2630"]
[Annotator "Ftacnik,L"]
[PlyCount "131"]
[EventDate "1994.04.??"]
[EventType "tourn"]
[EventRounds "9"]
[EventCountry "ESP"]
[EventCategory "16"]
[SourceTitle "CBM 041"]
[Source "ChessBase"]
[SourceDate "1994.08.01"]
[SourceVersion "1"]
[SourceVersionDate "1994.08.01"]
[SourceQuality "1"]

1. d4 Nf6 2. c4 g6 3. Nf3 Bg7 4. g3 O-O 5. Bg2 d6 6. O-O Nc6 7. Nc3 e5 8. d5
Ne7 9. e4 Nd7 10. Ne1 f5 11. Nd3 Nf6 12. Bg5 $1 fxe4 (12... h6 13. Bxf6 Bxf6
14. f4 exf4 15. Nxf4) 13. Nxe4 Nf5 14. Qd2 $6 (14. Kh1 Qe8 (14... h6 $5 15.
Nxf6+ (15. Bxf6 $5 Bxf6 16. Qd2 Bg7 17. f4 exf4 18. Nxf4 Kh7 19. Rae1 $14)
15... Bxf6 16. Bd2 (16. Bxf6 Qxf6 17. Qd2 g5 $1 18. f4 exf4 19. gxf4 g4 $13)
16... g5 17. Bc3 $16) 15. Nxf6+ Bxf6 16. Bxf6 Rxf6 17. Qd2 {/\ f4}) 14... Nxe4
15. Bxe4 Qe8 16. Rae1 (16. Kg2 Nd4 17. Be3 Bf5 18. f3 Qd7 $1 19. Nf2 Bxe4 20.
Nxe4 Nxf3 $1 21. Rxf3 Rxf3 22. Kxf3 Qf5+) 16... Nd4 17. Kg2 b5 18. c5 Bf5 (
18... Qd7 19. f3 Qh3+ 20. Kh1) 19. f3 Qd7 (19... Qc8 20. Be7 $1) 20. c6 Qc8 21.
Qd1 $5 Bh3+ 22. Kg1 Bxf1 23. Rxf1 Qh3 24. Qd2 $1 Rae8 25. Nf2 Qc8 26. Kg2 Qa6
27. b3 (27. a3 $2 b4 $1 28. axb4 Nxf3 $1) 27... b4 $1 28. Nd3 Qb5 29. Qxb4 Qa6
30. Qd2 Nf5 31. Rf2 (31. Re1 Qb6 32. Nf2 Qd4 33. Qc1 {/\ Ng4|^}) 31... Qb6 32.
Qb4 $2 (32. Nb2 Qd4 33. Nc4 $14 {xe3}) 32... Ne3+ 33. Kg1 Qd4 34. Bxe3 (34. Re2
Nd1+ 35. Kg2 Nc3) 34... Qxe3 35. Kg2 Bh6 36. Qe1 Qd4 $2 (36... Qxe1 37. Nxe1
Be3 38. Re2 Bb6 $10) 37. Re2 $1 Rb8 38. Nf2 Rb5 39. Ng4 Bg7 40. Rd2 Qb4 41. Qe3
$1 Rc5 42. h4 Rc3 43. Qg5 Rc1 44. h5 $1 gxh5 45. Nh6+ (45. Nf2 h6) 45... Kh8
46. Nf5 Bf6 (46... Rg8 47. Ne7 Rf8 48. Rf2 (48. a3 Qc3 49. Re2 Qa1 $132) 48...
Qe1 49. Qxh5 $18) 47. Qh6 Rf7 48. a3 $3 Qc3 (48... Qc5 49. Rf2) 49. Re2 Kg8 (
49... Qa1 $5 50. Qxh5 Rg1+ 51. Kh3 Rh1+ 52. Rh2 Qf1+ 53. Kg4 Rxh2 54. Qxh2 $14)
(49... Qa1 50. Qxh5 Rg1+ 51. Kh3 Rh1+ 52. Rh2 Qg1 53. Rxh1 Qxh1+ 54. Kg4 Qxh5+
55. Kxh5 $14) 50. Qxh5 Bg7 51. Qg5 Kh8 52. Qd8+ $1 (52. Nxg7 Rxg7 53. Qd8+ Rg8
54. Qxc7 Rg7 55. Qb8+ Rg8 56. Qxa7 Rg7 57. Qb8+ Rg8 58. Qxd6 Qd4) 52... Bf8 53.
Nh6 Rg1+ 54. Kxg1 Qc1+ 55. Kg2 Qxh6 56. b4 Qc1 57. Qe8 Kg7 58. Qe6 Qxa3 59. Rf2
Qc1 60. Bxh7 $1 Qg5 61. Be4 Be7 62. Ra2 Qe3 63. b5 $1 Bg5 $2 64. b6 $1 cxb6 (
64... axb6 65. Qg6+ Kf8 66. Ra8+) 65. Rc2 (65. Qxf7+ Kxf7 66. c7 $18) 65... Bd8
66. Qxd6 1-0

[Event "Las Palmas"]
[Site "Las Palmas"]
[Date "1994.??.??"]
[Round "8"]
[White "Karpov, Anatoly"]
[Black "Polgar, Judit"]
[Result "1-0"]
[WhiteElo "2740"]
[BlackElo "2630"]
[Annotator "Dautov,R"]
[PlyCount "55"]
[EventDate "1994.05.??"]
[EventType "tourn"]
[EventRounds "9"]
[EventCountry "ESP"]
[EventCategory "17"]
[SourceTitle "CBM 042"]
[Source "ChessBase"]
[SourceDate "1994.10.01"]
[SourceVersion "1"]
[SourceVersionDate "1994.10.01"]
[SourceQuality "1"]

1. d4 Nf6 2. Nf3 g6 3. c4 Bg7 4. g3 O-O 5. Bg2 d6 6. O-O Nc6 7. Nc3 e5 8. d5
Ne7 9. e4 Nd7 10. Ne1 f5 11. Nd3 Nf6 12. Bg5 fxe4 (12... h6 13. Bxf6 Bxf6 14.
f4 exf4 15. Nxf4 Be5 16. exf5 Bxf5 17. Qd2 c6 18. Kh1 Qb6 19. Rae1 $14 {
Karpov-Gelfand/Dos Hermanas/1994}) 13. Nxe4 Nf5 14. Re1 $1 (14. Qd2 Nxe4 15.
Bxe4 Qe8 16. Rae1 Nd4 17. Kg2 b5 $132 {Epishin-Polgar,J/Dos Hermanas/1994}) (
14. Kh1 h6 15. Nxf6+ Bxf6 16. Bd2 Qd7 17. Bc3 (17. f4 e4 $1 18. Bxe4 Nxg3+ 19.
hxg3 Qh3+ 20. Kg1 Qxg3+ 21. Kh1 Qh3+ $10) 17... Qg7 18. Qb3 b6 19. a4 a5 20.
Rae1 g5 21. Qd1 Bd7 22. Be4 Rae8 $10 {Epishin-Polgar,J/Las Palmas/1994}) 14...
h6 15. Nxf6+ Bxf6 16. Bd2 Kh7 (16... Qd7 17. f4 exf4 18. Nxf4 Qg7 (18... Bxb2
19. Nxg6 Rf6 20. Nf4 Bxa1 21. Qxa1 $40) 19. Bc3 Bxc3 20. bxc3 Bd7 21. Ne6 Bxe6
22. dxe6 c6 23. Qd3 Rae8 24. Re2 $16) (16... g5 $5 {>=} 17. Bc3 (17. Qh5 Kg7 (
17... Qe8 $2 18. Qxe8 Rxe8 19. f4 gxf4 20. gxf4 $16) 18. Bc3 Bd7 {/\Be8-g6})
17... Bd7 18. c5 Qe7 19. b4 Qg7 20. a4 $14) 17. Bc3 Bd7 18. c5 $1 (18. f4 exf4
19. Nxf4 Bxc3 20. bxc3 Qf6 21. Ne6 (21. Qd3 Rae8 $10) 21... Bxe6 22. dxe6 Rae8
$15) 18... b6 $2 (18... Bb5 19. f4 Bxd3 (19... exf4 20. Nxf4 Bxc3 21. bxc3 $36)
20. fxe5 Bxe5 21. Bxe5 dxe5 22. Qxd3 Qf6 23. Rf1 Qg7 24. Be4 $14) (18... g5 $5)
19. c6 Be8 20. f4 $16 exf4 21. Nxf4 Bf7 22. Qd3 Bxc3 23. bxc3 Qg5 24. h4 $1 Qf6
(24... Nxh4 25. gxh4 Qxf4 26. Re4 Qf5 (26... Qf6 27. Rf1 Qd8 28. Qe3 Kg7 29.
Re7 $18) 27. Rf1 Qh5 (27... Qxd5 $2 28. Qxd5 Bxd5 29. Re7+ $18) 28. Re7 Kg8 29.
Qg3 $16 {/\ Bf3,Rc7}) (24... Qxg3 25. Qxg3 Nxg3 26. Re7 $16) 25. Ne6 Bxe6 26.
Rxe6 Qg7 27. h5 $18 Ne7 (27... gxh5 28. Be4 $18) 28. Rae1 (28. Rae1 Rf7 29. Qe4
$18) 1-0

[Event "Hoogovens"]
[Site "Wijk aan Zee"]
[Date "1991.01.??"]
[Round "2"]
[White "Salov, Valery"]
[Black "Piket, Jeroen"]
[Result "0-1"]
[WhiteElo "2645"]
[BlackElo "2550"]
[Annotator "Salov,V"]
[PlyCount "80"]
[EventDate "1991.01.??"]
[EventType "tourn"]
[EventRounds "13"]
[EventCountry "NED"]
[EventCategory "14"]
[SourceTitle "CBM 022"]
[Source "ChessBase"]
[SourceDate "1991.06.01"]
[SourceVersion "1"]
[SourceVersionDate "1991.06.01"]
[SourceQuality "1"]

1. Nf3 {Knaak} Nf6 2. g3 d6 3. d4 g6 4. Bg2 Bg7 5. O-O O-O 6. c4 Nc6 7. Nc3 Bf5
8. Ne1 (8. b3 {Knaak} Ne4 9. Bb2 Nxc3 10. Bxc3 Be4 11. e3 Qd7 12. Rc1 d5 13.
Qe2 Rad8 14. Rfd1 Rfe8 15. Ba1 $14 {Ribli ED Königsindisch II}) 8... Qc8 9. e4
Bh3 10. Nc2 Bxg2 11. Kxg2 e5 12. d5 Ne7 13. Qe2 $5 (13. Ne1 Nd7 14. Nd3 a5 15.
Bg5 f6 16. Be3 b6 17. f4 f5 $132 {Portisch-Kortschnoj,Brussels OHRA-A 1986})
13... Nd7 14. f3 a5 15. Bg5 $1 $14 Re8 (15... f6 16. Be3 {/\f3-f4} (16. Be3 {
Knaak} b6 (16... f5 17. c5 $5) 17. f4 $1 f5 18. fxe5 $16 {>< e6, Piket})) 16.
Be3 b6 17. b3 f5 18. a3 Kh8 19. b4 Ng8 20. Rab1 axb4 (20... Ngf6 21. c5 axb4
22. cxb6 cxb6 23. Nb5 $14) 21. axb4 Ngf6 22. Qd3 $6 (22. Ra1 $142 $14) 22...
Rf8 23. Bg1 $6 Nh5 24. Rfe1 $2 (24. Ra1 Rxa1 25. Rxa1 Ndf6 $13 (25... Ndf6 {
Knaak} 26. c5 {Piket})) 24... Ndf6 25. Qe2 (25. exf5 {Knaak}) 25... f4 $1 26.
Bf2 (26. g4 $4 Nxg4 27. fxg4 f3+ $19) (26. Ra1 Rxa1 27. Rxa1 fxg3 28. hxg3 Nxg3
$1 29. Kxg3 Nh5+ 30. Kf2 Qh3 $40) 26... g5 27. Rf1 g4 28. Be1 gxf3+ 29. Qxf3
Bh6 30. Bd2 Rg8 31. Ra1 Rxa1 32. Rxa1 Qf8 $1 $19 33. Be1 Qg7 34. Ra3 Qg6 35.
Bf2 fxg3 36. hxg3 Bf4 37. Ne2 Nxe4 38. Ne1 Nexg3 39. Nxf4 Nxf4+ 40. Qxf4 Nh5+
0-1

[Event "YUG-Cup"]
[Site "Herceg Novi"]
[Date "2000.06.02"]
[Round "7"]
[White "Sakaev, Konstantin"]
[Black "Atalik, Suat"]
[Result "0-1"]
[WhiteElo "2629"]
[BlackElo "2575"]
[Annotator "Atalik,S"]
[PlyCount "78"]
[EventDate "2000.05.27"]
[EventType "swiss"]
[EventRounds "7"]
[EventCountry "YUG"]
[SourceTitle "EXT 2003"]
[Source "ChessBase"]
[SourceDate "2002.11.25"]
[SourceVersion "1"]
[SourceVersionDate "2002.11.25"]
[SourceQuality "1"]

1. d4 Nf6 2. c4 g6 3. g3 Bg7 4. Bg2 O-O 5. Nc3 d6 6. Nf3 Nc6 7. O-O Bd7 $5 {
Once again.} 8. d5 Na5 9. Nd2 c6 10. b4 $146 {Strangely this had been never
tried before but was of course known.} Nxc4 $8 11. Nxc4 Nxd5 12. Nxd5 Bxa1 13.
Bh6 Bg7 $1 (13... Bh8 14. Bxf8 cxd5 15. Bxe7 Qxe7 16. Qxd5 Bc6 17. Qxd6 Qxe2
18. Bxc6 bxc6 19. Qxc6 Rd8 20. Qc7 $16) 14. Bxg7 Kxg7 15. Nc3 d5 16. Na5 b6 17.
Nb3 e6 18. e4 Rc8 19. Qd2 Qf6 20. f4 Rfd8 21. g4 (21. f5 $6 exf5 (21... gxf5
22. exf5 e5 23. b5 e4 24. bxc6 Bxc6 25. Nd4 Bb7 $15) 22. exf5 gxf5 (22... g5)
23. b5 d4 24. Qxd4 Qxd4+ 25. Nxd4 cxb5 $17) 21... Kh8 (21... Be8 22. g5) 22.
Qe3 Qg7 (22... Be8 $5 23. e5 (23. Rd1 e5) 23... Qg7 24. f5 gxf5 25. gxf5 Bd7
26. f6 Qg4 27. Rf4 Qg5 28. h4 Qh6) 23. g5 Be8 24. Rd1 Rd7 $5 (24... dxe4 25.
Rxd8 Rxd8 26. Nxe4 Qb2 27. Qc3+ Qxc3 28. Nxc3 Kg7 29. Ne4 c5 30. bxc5 Bc6 $11)
25. Rd3 $4 (25. f5 Qe5 26. fxe6 fxe6) (25. a3 Rcd8 26. exd5 $1 (26. e5 Qf8 27.
Ne2 Rc7) 26... cxd5 27. Nd4 Rc7 $13) 25... c5 26. bxc5 bxc5 27. Ne2 d4 $6 (
27... Rdd8 $1 28. Nxc5 $140 d4 29. Rxd4 Rxd4 30. Nxd4 Rxc5 31. Nxe6 Qa1+ $19)
28. Qc1 Rdc7 29. Qc4 {Draw offer.} e5 $1 (29... Bd7 $6 30. e5 Qf8 31. Ng3 Qe8
32. Rd2 Bb5 33. Qc1) 30. Nd2 (30. f5 gxf5 31. exf5 Qxg5 32. Ng3 f6 33. Ne4 Qh4
34. Nbxc5 (34. Nexc5 Qe1+ 35. Bf1 Rg7+ 36. Rg3 Qe3+ 37. Kg2 Bc6+ $19) 34...
Qe1+ 35. Bf1 Qxe4 $19) 30... f6 $5 (30... Bd7 31. Bh3 Bxh3 32. Rxh3 exf4 33.
Rf3 Qe5 $19) 31. gxf6 (31. Bh3 Rd8 $17) 31... Qxf6 32. fxe5 Qxe5 33. Qd5 $2 (
33. Rf3 Kg7 34. Nf4 Bf7 35. Nd5 Rb8 $17) 33... Qxd5 34. exd5 Bb5 35. Nf4 Bxd3
36. Nxd3 c4 37. Nb4 $2 (37. d6 cxd3 38. dxc7 Rxc7 39. Nb3 a5 40. a4 Rc1+ $1 41.
Kf2 (41. Bf1 Rb1 42. Nd2 Rd1 43. Ne4 d2 $19) 41... Rc2+ 42. Kf1 d2 43. Bf3 Rc1+
$19) 37... d3 38. Kf2 c3 39. Nb3 d2 (39... Rf7+ 40. Ke1 Re8+ 41. Kd1 Re2 $19)
0-1

[Event "Vienna op"]
[Site "Vienna"]
[Date "1996.??.??"]
[Round "4"]
[White "Cvitan, Ognjen"]
[Black "Bologan, Viktor"]
[Result "1-0"]
[WhiteElo "2535"]
[BlackElo "2600"]
[Annotator "Dautov,R"]
[PlyCount "71"]
[EventDate "1996.??.??"]
[EventType "swiss"]
[EventRounds "9"]
[EventCountry "AUT"]
[SourceTitle "CBM 053 Extra"]
[Source "ChessBase"]
[SourceDate "1996.09.01"]
[SourceVersion "1"]
[SourceVersionDate "1996.09.01"]
[SourceQuality "1"]

1. d4 Nf6 2. Nf3 g6 3. c4 Bg7 4. g3 O-O 5. Bg2 d6 6. O-O c6 7. Nc3 Na6 8. e4 e5
9. h3 Qb6 10. b3 (10. Re1 exd4 11. Nxd4 Re8 12. b3 Qa5 13. Bd2 Nd7 14. Nce2 Qh5
15. Qc2 Nac5 16. Nf4 Qe5 17. Bc3 Qe7 18. b4 Ne6 19. Ndxe6 fxe6 20. Bxg7 Kxg7
21. Nd3 $14 {Baburin,A-Filippov,V/Groningen op ;EXP 50 1995}) (10. Rb1) (10.
dxe5) 10... exd4 11. Na4 Qa5 12. Nxd4 Nxe4 $2 {N} (12... Re8 13. Re1 (13. Bd2
$2 Qd8 14. Re1 Nxe4 $17) 13... Nxe4 (13... Bd7 14. Bd2 Qc7 15. Bf4 Nh5 16. Be3
Nc5 17. Nc3 Qa5 18. Qc2 Ne6 19. Nde2 Rad8 20. Rad1 Bc8 21. Kh2 Nc5 22. Nd4 Ne6
23. Qd2 $14 {Vaulin,A-Dyachkov,S/St.Petersburg op (08) ;EXP 43 1994}) 14. Rxe4
(14. Bxe4 $2 Bxd4) 14... Rxe4 15. Bxe4 Qe5 16. Bd3 $1 (16. Qf3 $2 Nc5 17. Bxc6
bxc6 18. Be3 Nxa4 19. bxa4 Bd7 20. Rb1 Qe8 $17 {Filippov,V-Dyachkov,S/RUS-chJ
Moscow (10) ;CBM 46 1995}) 16... b5 (16... Qxd4 $4 17. Bb2 $18) 17. cxb5 cxb5
18. Bxb5 Qxd4 19. Bb2 $14) 13. Bxe4 d5 (13... Qe5 $2 14. Bb2 Qxe4 15. Re1 $18)
(13... Bxh3 14. Bg2 Bxg2 15. Kxg2 c5 16. Bd2 Qd8 17. Nc2 Bxa1 18. Qxa1 $16) 14.
cxd5 (14. Bg2 $1 dxc4 (14... c5 15. Bd2 Qd8 16. Nf3 Bxa1 17. Qxa1 $16) 15. Bd2
(15. Bb2 Rd8 $132) 15... Qd8 16. Nf3 Bxa1 17. Qxa1 $16 {/\Bh6}) 14... Bxh3 15.
Re1 $1 (15. Bg2 $4 Bxg2 16. Kxg2 Qxd5+ $19) 15... cxd5 $2 (15... Bxd4 16. Qxd4
Qxe1+ 17. Kh2 Qb4 $8 18. Qxb4 Nxb4 19. Kxh3 (19. Ba3 $2 Rfe8) 19... Nxd5 (19...
Rfe8 20. Nc3 $14) (19... cxd5 20. Bf3 $14) 20. Bxd5 cxd5 21. Be3 b6 22. Nc3
Rfd8 23. Rd1 d4 $14) 16. Bf3 Bd7 (16... Bxd4 17. Qxd4 Qxe1+ 18. Kh2 Qb4 19. Qf6
$1 $18) 17. Bd2 $18 Qd8 18. Bf4 Bxa4 19. bxa4 Rc8 20. Rb1 Rc4 21. Nb5 Rxf4 22.
gxf4 d4 23. Bxb7 Nc5 24. Bg2 a6 25. Na7 Qd6 26. f5 gxf5 27. Qf3 d3 28. Qd5 Qf4
29. Nc6 d2 30. Red1 Ne4 31. Qxf5 Qxf5 32. Ne7+ Kh8 33. Nxf5 Nc3 34. Nxg7 Kxg7
35. Bf3 Re8 36. Kg2 1-0

[Event "EU-Cup 17th"]
[Site "Panormo"]
[Date "2001.09.29"]
[Round "7.1"]
[White "Grabarczyk, Miroslaw"]
[Black "Bologan, Viktor"]
[Result "1-0"]
[WhiteElo "2499"]
[BlackElo "2655"]
[Annotator "Grabarczyk,M"]
[PlyCount "67"]
[EventDate "2001.09.22"]
[EventType "team-swiss"]
[EventRounds "7"]
[EventCountry "GRE"]
[SourceTitle "CBM 084 Extra"]
[Source "ChessBase"]
[SourceDate "2001.10.26"]
[SourceVersion "1"]
[SourceVersionDate "2001.10.26"]
[SourceQuality "1"]
[WhiteTeam "Plock"]
[BlackTeam "Tyumen"]
[WhiteTeamCountry "POL"]
[BlackTeamCountry "RUS"]

1. d4 Nf6 2. c4 g6 3. g3 Bg7 4. Bg2 O-O 5. Nc3 d6 6. Nf3 c6 7. O-O Na6 8. e4 e5
9. h3 Qb6 10. Rb1 exd4 (10... Qb4) 11. Nxd4 Nxe4 (11... Ng4 12. Nde2 Ne5 13. b3
$14) 12. Nxe4 Bxd4 (12... Qxd4 13. Qxd4 Bxd4 14. Nxd6 $14) 13. b4 $1 (13. Bh6
Re8 $132) 13... Bf5 (13... Bg7 14. Be3 $16) 14. c5 $1 dxc5 15. bxc5 Bxf2+ (
15... Qxb1 16. Qxd4 Bxe4 17. Bxe4 Qb4 18. Qf6 Nxc5 19. Bb2 Qxb2 20. Qxb2 Nxe4
21. Qxb7 $18) (15... Qd8 16. Nd6 $1 Bxc5 (16... Bxb1 17. Qxd4 Bxa2 18. Bh6 f6
19. Bxf8 Kxf8 20. Re1 $40) 17. Nxf5 gxf5 18. Rxb7 $36) 16. Rxf2 Qxb1 17. Nf6+
Kh8 (17... Kg7 18. g4 Rad8 (18... Rfd8 19. Qe1 Bc2 20. Kh2 Nxc5 21. Qe7 Qxa2 (
21... Qxc1 22. Ne8+ Rxe8 23. Rxf7+ $18) 22. Nh5+ gxh5 23. Bh6+ Kg8 24. Qg5+ $18
) 19. Qe1 Bc2 20. Kh2 Nxc5 (20... Qb4 21. Qe3 $18) 21. Qe5 Ne6 22. Bb2 $18) 18.
Qd2 $1 Rg8 (18... Rad8 19. Qh6 g5 20. Kh2 $1 Bg6 21. Bb2) 19. Kh2 Rg7 20. Bb2
Nxc5 21. Qh6 g5 22. Be5 $1 (22. Nh5 $2 Qxb2 23. Rxb2 Rg6 $19) 22... Ne6 23. Nh5
Rag8 24. Nxg7 Nxg7 25. Rd2 $18 Qb6 26. Bxg7+ Rxg7 27. Qf6 Be6 28. Rd8+ Qxd8 29.
Qxd8+ Rg8 30. Qf6+ Rg7 31. a3 h5 32. Be4 a5 33. Qe7 Rg8 34. Qxb7 1-0